000 01101nam a22003377a 4500
003 CHAP
005 20220329143742.0
008 110607s1978 mx a r 00010 spa d
010 _a101428
011 _a102400
035 _a113088
040 _cCHAP
082 0 4 _a627
_bAm15
100 1 _aAmaya Brondo, Mario
_95170
245 1 0 _aGolpe de ariete
_c/por Mario Amaya Brondo
260 _aMéxicali, B.C. :
_bComisión Estatal de Servicios Públicos de Mexicali, B.C,
_c1978
300 _a[c. a. 300] p. :
_bilus.,cuadros, gráfs., tablas
590 _aBATCH-UPD
_b10
_c20130110
_lUCH01
_h1549
590 _aBATCH-UPD
_b10
_c20130410
_lUCH01
_h0947
590 _aBATCH-UPD
_b10
_c20130914
_lUCH01
_h0656
590 _aCONVERSION
_b10
_c20130109
_lUCH01
_h1356
650 1 4 _aAcueductos.
_9753
650 1 4 _aBombas mecánicas.
_913622
650 1 4 _aGolpe de ariete.
_948601
650 1 4 _aIngeniería hidráulica.
_958235
650 1 4 _aTuberías.
_9115476
650 1 4 _aVálvulas.
_9120218
901 _aBK
942 _cLIBRO
949 _a627 Am15
_bBC
_cLIBRO
_d33724002247892
_eLIBRO
_h115149
_i113088
_sb
999 _c101428
_d101428